00440 2200169 4500001002100000005001500021035002000036245003800056100001900094300002600113260003400139082000800173084001400181020002200195008004100217990001200258INLIS00000000000297720250917024637 a0010-09250003241 aLove On The Sky /cNana Sastrawan0 aNana Sastrawan a292 hlm ;c13 x 19 cm aJakarta :bStory House,c2013 a813 a813 NAN l a978-602-9895-19-3250917 0  a0755656